Words That Describe Themselves Quiz Stats

Quiz Updated Jun 3, 2016

Challenge
Share
Tweet
Embed
Score 0/24 Timer 04:00
1 Play Today
% Correct
​​​​​​​​​​​​​​​​CAPITALIZED
93.7%
​​​​​​​​​​​numberless
91%
​​​​​​​​unhyphenated
91%
​​​​​​​​​​​​​​​​​​​​​​​​​​​​​​​clickable
90.9%
​​​​​​​​​​​​​​​​​​​​​typed
90.5%
​first
90.3%
​​​​​​​​​​​​​​​​​​​​​​​​​​​​​​​​​​​​readable
90%
​​​​​​​​​​​​​​​​​​​​​​​​​​​​​​​pronounceable
89.7%
​​​​​​​​​​​​​​​​​​​​​​​​​​​​writeable
87.8%
​​​​​​​​​​​​​​​​​​​​​​​existing
87.5%
​​​​​​​​​​​​​inanimate
86.5%
​​​​​​​pentasyllabic
86.4%
% Correct
​​​​​English
86.1%
​​​​​​​​​​​​​​​mispelt
84.5%
​​​​​​​​​​​​​​​​​​​​​​​​​​​​​​noun
84%
​​​​​​​​​​​​​​​​​​short
78.7%
​​​​​​​​​​​​​​​​​​​​​​​​​​Americanized
78%
​​​​​​​​​​​​​​​​​​​​​​​​​​​​​​​​​answer
74.4%
​​adjectival
74.1%
​​​​​​​​​​​​​​​​​​​​​​​​​​​​​​​​​​​​​​​​​​​​​​​​​​​​​​​​​​​​​​​​​​​​​​​​​​​​​​​​​​​​penultimate
72.3%
​​​​​​​​​​​​​​​​​​​​​​​​​​​​​​​​​​​term
67.8%
​​​​​​​​​​​​​​​​​​​​​autological
60.9%
​​​​​​​​​​​​​​​​​olde
55.3%
​​​​​​​​​​​​​​​​​​​​​​​​sesquipedalian
52.8%

You're not logged in!

Compare scores with friends on all Sporcle quizzes.
Join for Free
OR
Log In

You Might Also Like...

Show Comments

Extras

Top Quizzes Today


Score Distribution

Your Account Isn't Verified!

In order to create a playlist on Sporcle, you need to verify the email address you used during registration. Go to your Sporcle Settings to finish the process.

Report this User

Report this user for behavior that violates our Community Guidelines.

Details: